Teoretické a metodologické aspekty skúmania motivácie účasti na organizovaných podujatiach v cestovnom ruchu
Pojem motivácia a motív. Potreba skúmania motivácie účasti na organizovaných podujatiach. Teórie motivácie účasti na organizovaných podujatiach. Vybrané prieskumy motivácie účasti na organizovaných podujatiach.
Salvato in:
| Autore principale: | |
|---|---|
| Natura: | Capitolo di libro |
| Lingua: | slovacco |
| Soggetti: | |
| Tags: |
Nessun Tag, puoi essere il primo ad aggiungerne!!
|
MARC
| LEADER | 00000naa a2200000 4500 | ||
|---|---|---|---|
| 001 | 0185857 | ||
| 005 | 20231016074738.2 | ||
| 041 | 0 | |a slo | |
| 044 | |a SK | ||
| 245 | 1 | 0 | |a Teoretické a metodologické aspekty skúmania motivácie účasti na organizovaných podujatiach v cestovnom ruchu |c Kristína Pompurová |
| 520 | |a Pojem motivácia a motív. Potreba skúmania motivácie účasti na organizovaných podujatiach. Teórie motivácie účasti na organizovaných podujatiach. Vybrané prieskumy motivácie účasti na organizovaných podujatiach. | ||
| 610 | 2 | 0 | |a motivácia |
| 610 | 2 | 0 | |a psychológia |
| 610 | 2 | 0 | |a prieskum |
| 610 | 2 | 0 | |a ruch cestovný |
| 100 | 1 | |a Pompurová, Kristína | |